000
00267nam a2200109Ia 4500
008
220204s9999 xx 000 0 und d
082
_a
065
_b
APP
100
_a
Appley, Lawrence A
245
0
_a
Management evolution
260
_a
Bombay
_b
Taraporevala
_c
1977
942
_c
BK
999
_c
30373
_d
30373